Statistics for Guess The Flag (Hard)

Click here to take the quiz!

General Stats

  • This quiz has been taken 60 times
  • The average score is 9 of 12

Answer Stats

Answer% Correct
Cambodia
88%
SriLanka
86%
Iceland
82%
Uganda
82%
Georgia
80%
Kiribati
74%
Andorra
70%
Sweden
70%
Haiti
68%
DominicanRepublic
62%
Singapore
58%
Bolivia
38%

Score Distribution

Percentile by Number Answered

Percent of People with Each Score

Your Score History

You have not taken this quiz